=LDR 00000nam 2200000 4500 =001 INLIS000000000041136 =005 20130612150702 =008 ***********************************ind** =035 ##$$0010-061300000041136 =041 ##$$a ind =082 ##$$a 658.11 =090 ##$$a 658.11, Nat e =100 ##$$a NATORADJO, Sulyus =245 ##$$a Event organizing, Dasar - dasar event management, Sulyus natoradjo =260 ##$$a 2011 $b Jogjakarta =300 ##$$a 150 Hlm, 23 cm =650 ##$$a MANAJEMEN - EVEN ORGANIZING =850 ##$$a NBPNMAT =990 ##$$a 0001/BPAP-NTB/2016